Statistics for San Francisco 49ers Quiz

Click here to take the quiz!

General Stats

  • This quiz has been taken 1,117 times
    (974 since last reset)
  • The average score is 10 of 17

Answer Stats

QuestionAnswer% Correct
How many Super Bowls have 49ers won?5
95%
What US state do the 49ers originate from?California
93%
Which HOF player holds the record for most receptions, reception yards and TD receptions?Jerry Rice
91%
Who is the current head coach?Kyle Shanahan
87%
What division are the 49ers in along with the Rams, Seahawks and Cardinals?NFC West
80%
Which 49ers QB was inducted into the HOF in 2000?Joe Montana
76%
Which 49ers WR celebrated on the Dallas Cowboys' star logo twice back in 2000?Terrell Owens
75%
What is the name of their current stadium?Levi's Stadium
72%
When was 49ers last Super Bowl win?1994
69%
What was the name of the stadium used by the 49ers from 1971-2013?Candlestick Park
65%
And what is the above player often referred as?GOAT
55%
Which 49ers linebacker retired after the 2014 season after suffering problems with 'turf toe'?Patrick Willis
51%
In what year was the San Francisco 49ers established?1946
45%
What coach was also inducted into the HOF as a 49er?Bill Walsh
44%
And who were their opponents that day?San Diego Chargers
43%
And who was the General Manager appointed at the same time?John Lynch
1%
Who were the two 1st Round picks for the 49ers in the 2017 NFL Draft?Solomon Thomas & Reuben Foster
0%

Score Distribution

Percentile by Number Answered

Percent of People with Each Score

Your Score History

You have not taken this quiz since the last reset